Среда электронного обучения ТПУ; Уровневая подготовка специалистов: государственные и международные стандарты инженерного образования

Bibliographic Details
Parent link:Уровневая подготовка специалистов: государственные и международные стандарты инженерного образования.— 2011.— [С. 72-73]
Main Author: Ковынев А. Н. Алексей Николаевич
Corporate Author: Национальный исследовательский Томский политехнический университет (ТПУ)
Summary:Заглавие с титульного листа
Language:Russian
Published: 2011
Series:Эффективное использование ресурсов - приоритет образовательного процесса в исследовательском университете
Subjects:
Online Access:http://www.lib.tpu.ru/fulltext/c/2011/C09/035.pdf
Format: MixedMaterials Electronic Book Chapter
KOHA link:https://koha.lib.tpu.ru/cgi-bin/koha/opac-detail.pl?biblionumber=231695

MARC

LEADER 00000nla2a2200000 4500
001 231695
005 20231031202917.0
035 |a (RuTPU)RU\TPU\book\252718 
035 |a RU\TPU\book\252708 
090 |a 231695 
100 |a 20130205d2011 k y0rusy50 ca 
101 0 |a rus 
102 |a RU 
105 |a y z 101zy 
135 |a drnn ---uucaa 
181 0 |a i  
182 0 |a b 
200 1 |a Среда электронного обучения ТПУ  |b Электронный ресурс  |f А. Н. Ковынев 
203 |a Текст  |c электронный 
215 |a 1 файл (255 Кб) 
225 1 |a Эффективное использование ресурсов - приоритет образовательного процесса в исследовательском университете 
230 |a Электронные текстовые данные (1 файл : 255 Кб) 
300 |a Заглавие с титульного листа 
337 |a Adobe Reader 
463 1 |0 (RuTPU)RU\TPU\book\243018  |t Уровневая подготовка специалистов: государственные и международные стандарты инженерного образования  |o сборник трудов научно-методической конференции, 10-11 марта 2011 г., Томск  |f Национальный исследовательский Томский политехнический университет (ТПУ)  |v [С. 72-73]  |d 2011 
610 1 |a труды учёных ТПУ 
610 1 |a электронный ресурс 
610 1 |a образовательные ресурсы 
610 1 |a электронные ресурсы 
610 1 |a ТПУ 
700 1 |a Ковынев  |b А. Н.  |c специалист в области информатики и вычислительной техники  |c ведущий программист Томского политехнического университа  |g Алексей Николаевич  |2 stltpush  |3 (RuTPU)RU\TPU\pers\30399 
712 0 2 |a Национальный исследовательский Томский политехнический университет (ТПУ)  |c (2009- )  |2 stltpush  |3 (RuTPU)RU\TPU\col\15902 
801 1 |a RU  |b 63413507  |c 20120830 
801 2 |a RU  |b 63413507  |c 20130207  |g RCR 
856 4 |u http://www.lib.tpu.ru/fulltext/c/2011/C09/035.pdf 
942 |c CF